000 00495nam a2200157 a 4500
001 000039301
005 20201002031603.0
008 130621s2012 pr 000 0 spa d
020 _a9789945455861
040 _aDO-SdBNP
_bspa
_cBNPHU
100 1 _aDenis-Rosario, Yvonne
_965495
245 1 0 _aBufé /
_cYvonne Denis-Rosario.
260 _aSan Juan, Puerto Rico :
_bIsla Negra,
_c2012.
300 _a142 p. ;
_c23 cm.
500 _aIncluye datos biográficos de la autora en la solapa de la cubierta
999 _c38791
_d38791